| 000 | 00711nam a2200229Ia 4500 | ||
|---|---|---|---|
| 005 | 20220202135328.0 | ||
| 008 | 210716s2010 xx 000 0 und d | ||
| 020 | _a9788174467430 | ||
| 040 | _cAIMIT LIBRARY | ||
| 041 | _aeng | ||
| 082 |
_a657.48 _23 _bBANA |
||
| 100 |
_aBanerjee, Ashok. _915834 |
||
| 245 |
_aFinancial accounting : _ba managerial emphasis / _cBy Ashok Banerjee. |
||
| 250 | _a3rd ed. | ||
| 260 |
_aNew Delhi : _bExcel Books , _c2010. |
||
| 300 |
_a793p ; _c24.2 cm. |
||
| 650 |
_aBasic Accounting Concepts _915835 |
||
| 650 |
_aDouble Entry Accounting _915836 |
||
| 650 |
_aThe Accounting Trail _915837 |
||
| 650 |
_aThe Accounting Equation _915838 |
||
| 942 |
_2ddc _cBK _e3rd _k657.48 BANA |
||
| 999 |
_c206690 _d206690 |
||